VIVA IN BIOCHEMISTRY (Record no. 3404)

MARC details
000 -LEADER
fixed length control field 00347nam a2200145Ia 4500
008 - FIXED-LENGTH DATA ELEMENTS--GENERAL INFORMATION
fixed length control field 150201s1999 xx 000 0 und d
082 ## - DEWEY DECIMAL CLASSIFICATION NUMBER
Classification number 612.015
Item number V99M
100 ## - MAIN ENTRY--PERSONAL NAME
Personal name MALHOTRA
245 ## - TITLE STATEMENT
Title VIVA IN BIOCHEMISTRY
250 ## - EDITION STATEMENT
Edition statement 4TH
260 ## - PUBLICATION, DISTRIBUTION, ETC. (IMPRINT)
Name of publisher, distributor, etc. JAYPEE MEDICAL PUBLISHER
Place of publication, distribution, etc. DELHI
Date of publication, distribution, etc. 1999
300 ## - PHYSICAL DESCRIPTION
Extent 1-110
650 ## - SUBJECT ADDED ENTRY--TOPICAL TERM
Topical term or geographic name as entry element BIOCHEMISTRY
942 ## - ADDED ENTRY ELEMENTS (KOHA)
Source of classification or shelving scheme Dewey Decimal Classification
Koha item type Books
Holdings
Withdrawn status Lost status Source of classification or shelving scheme Damaged status Not for loan Home library Current library Date acquired Source of acquisition Cost, normal purchase price SGTU Bill Number Total Checkouts Full call number Barcode Date last seen Bill Date Koha item type
    Dewey Decimal Classification     SGT Dental Library SGT Dental Library 03/01/2006 UBS 40.00 SGTU 825/838   612.015 V99M FD3765 09/02/2015 14/06/2012 Books
    Dewey Decimal Classification     SGT Dental Library SGT Dental Library 03/01/2006 UBS 40.00 SGTU 825/838   612.015 V99M FD3766 09/02/2015 14/06/2012 Books
    Dewey Decimal Classification     SGT Dental Library SGT Dental Library 03/01/2006 UBS 40.00 SGTU 825/838   612.015 V99M FD3767 09/02/2015 14/06/2012 Books
    Dewey Decimal Classification     SGT Dental Library SGT Dental Library 03/01/2006 UBS 40.00 SGTU 825/838   612.015 V99M FD3768 09/02/2015 14/06/2012 Books
    Dewey Decimal Classification     SGT Dental Library SGT Dental Library 03/01/2006 UBS 40.00 SGTU 825/838   612.015 V99M FD3769 09/02/2015 14/06/2012 Books
    Dewey Decimal Classification     SGT Dental Library SGT Dental Library 03/01/2006 UBS 40.00 SGTU 825/838   612.015 V99M FD3770 09/02/2015 14/06/2012 Books
    Dewey Decimal Classification     SGT Dental Library SGT Dental Library 03/01/2006 UBS 40.00 SGTU 825/838   612.015 V99M FD3771 19/07/2021 14/06/2012 Books
    Dewey Decimal Classification     SGT Dental Library SGT Dental Library 03/01/2006 UBS 40.00 SGTU 825/838   612.015 V99M FD3772 09/02/2015 14/06/2012 Books
    Dewey Decimal Classification     SGT Dental Library SGT Dental Library 03/01/2006 UBS 40.00 SGTU 825/838   612.015 V99M FD3773 09/02/2015 14/06/2012 Books
    Dewey Decimal Classification     SGT Dental Library SGT Dental Library 03/01/2006 UBS 40.00 SGTU 825/838   612.015 V99M FD3774 09/02/2015 14/06/2012 Books